00905nam a22002411 450000100060000000300080000600500170001400800400003103500190007104000320009004100080012208200200013024501370015026000580028730000360034550400510038165000610043265000390049370000370053270000300056970000230059974000410062221643BD-RjUL20211209000718.0140304s1967 mnuac b 011 0 engs a(BD-RjUL)21708 aDLCcDLCdDLCdBD-RjULbeng aeng00a700.8bSTU 196710aStudies in criticism and aesthetics, 1660-1800 :bessays in honor of Samuel Holt Monk /cedited by Howard Anderson and John S. Shea. aMinneapolis :bUniversity of Minnesota Press,cc1967. a419 p. :bill., port. ;c24 cm. aIncludes bibliographical references and index. 0aEnglish literaturey18th centuryxHistory and criticism. 0aAesthetics, Britishy18th century.1 aAnderson, Howardq(Howard Peter)1 aShea, John S.,ejoint ed.1 aMonk, Samuel Holt.0 aCriticism and aesthetics, 1660-1800.